Tourism and regional growth : an empirical study of the alternative growth paths for Hawaii

Αποθηκεύτηκε σε:
Λεπτομέρειες βιβλιογραφικής εγγραφής
Άλλοι συγγραφείς: Ghali, Moheb (Επιμελητής έκδοσης)
Μορφή: Βιβλίο
Γλώσσα:English
Δημοσίευση: Leiden : Martinus Nijhoff Social Sciences Division, 1977.
Σειρά:Studies in applied regional science
Θέματα:
Ετικέτες: Προσθήκη ετικέτας
Δεν υπάρχουν, Καταχωρήστε ετικέτα πρώτοι!

MARC

LEADER 00000cam a2200000 i 4500
001 1/100721
008 000202s1977 eng d
020 |a 90-207-0716-7 
035 |l 10057390 
040 |a GR-MY-UA  |b gre  |e aacr 
041 0 |a eng 
082 0 |a 338.4791969 
245 1 0 |a Tourism and regional growth :  |b an empirical study of the alternative growth paths for Hawaii /   |c edited by Moheb Ghali.  
260 |a Leiden :   |b Martinus Nijhoff Social Sciences Division,   |c 1977.  
300 |a x,126 σ.  
490 1 |a (Studies in applied regional science)  
650 0 0 |a Tourism  |z Hawaii. 
700 1 |a Ghali, Moheb,  |e edt 
830 0 |a Studies in applied regional science 
852 |a INST  |b CHIOS  |e 20000202  |h 338.4791969 TOU  |p 005200019056  |q 005200019056  |t BK  |y 0 
901 |a BIBL2-2000-1 
909 |a Χ  |b 073027 
922 |a 2ΕΛΗ  |b 200001  |c ΤΔΕ  |d ΠΑΠΑΣΩΤΗΡΙΟΥ 
950 |a 112-1999-11-09 
970 |a ΣΠΕΝΤΖΑ  |b ΕΛΕΝΗ  |z 2000/02/04